[Event "25th European Teams"]
[Site "Batumi GEO"]
[Date "2025.10.14"]
[Round "9.7"]
[Board "4"]
[White "Pavlidis, Antonios"]
[Black "Can, Isik"]
[Result "0-1"]
[WhiteTitle "GM"]
[BlackTitle "GM"]
[WhiteElo "2579"]
[BlackElo "2515"]
[WhiteTeam "Greece"]
[BlackTeam "Turkiye"]
[WhiteFideId "4212312"]
[BlackFideId "6383742"]
[EventDate "2025.10.05"]

1. c4 c6 2. Nf3 d5 3. g3 g6 4. Qa4 Nd7 5. cxd5 cxd5 6. Bg2 Bg7 7. d4 Nf6 8. O-O
O-O 9. Nc3 Nb6 10. Qb3 Bf5 11. Bf4 Nh5 12. Be3 e6 13. h3 Nc4 14. Bg5 Bf6 15. Bh6
Bg7 16. Bg5 Bf6 17. Bc1 Na5 18. Qa4 Be4 19. Nxe4 dxe4 20. Ne5 b5 21. Qxb5 Nxg3
22. Bd2 Nxf1 23. Bxa5 Qxd4 24. Bc3 Qd5 25. Qxd5 exd5 26. Kxf1 Rac8 27. f4 exf3
28. Nxf3 Bxc3 29. bxc3 Rxc3 30. Ne1 Rd8 31. Rb1 Rd6 32. Nd3 Rc2 33. a4 Rc4 34.
Ra1 a5 35. Ke1 Kg7 36. Kd2 h5 37. Nb2 Rb4 38. Nd3 Rc4 39. Nb2 Rh4 40. Nd1 Rd4+
41. Ke3 Rb4 42. Ra3 g5 43. Kd3 d4 44. Be4 Re6 45. Bd5 Re5 46. Bf3 Kg6 47. Kd2 f5
48. Nf2 g4 49. hxg4 fxg4 50. Nd3 Re3 51. Bd5 Rb2+ 52. Kd1 Rbxe2 53. Rb3 Rh2 54.
Rb6+ Kg5 55. Nc5 Ra3 0-1

[Event "25th European Teams"]
[Site "Batumi GEO"]
[Date "2025.10.14"]
[Round "9.8"]
[Board "1"]
[White "Mchedlishvili, Mikheil"]
[Black "Maurizzi, MarcAndria"]
[Result "1/2-1/2"]
[WhiteTitle "GM"]
[BlackTitle "GM"]
[WhiteElo "2562"]
[BlackElo "2624"]
[WhiteTeam "Georgia 1"]
[BlackTeam "France"]
[WhiteFideId "13600966"]
[BlackFideId "36083534"]
[EventDate "2025.10.05"]

1. d4 d5 2. c4 e6 3. Nf3 Nf6 4. Nc3 Be7 5. Bf4 c5 6. dxc5 Nc6 7. e3 O-O 8. cxd5
Nxd5 9. Nxd5 exd5 10. a3 Bxc5 11. Bd3 Bd6 12. Qa4 Bxf4 13. Qxf4 d4 14. e4 Qa5+
15. Qd2 Qb6 16. h3 Be6 17. O-O Rad8 18. b4 h6 19. Rfc1 a5 20. bxa5 Nxa5 21. Rab1
Qa7 22. Qb4 Nc6 23. Qc5 Ra8 24. Qxa7 Rxa7 25. Bb5 Rd8 26. a4 d3 27. Rd1 Nd4 28.
Nxd4 Rxd4 29. Rxd3 Raxa4 30. Bxa4 Rxd3 31. Rxb7 g5 32. Rb1 Kg7 33. Re1 Rd4 34.
Bd1 Kg6 35. Bg4 f5 36. exf5+ Bxf5 37. Bxf5+ Kxf5 38. g4+ Kf6 39. Kg2 h5 40. Kg3
hxg4 41. hxg4 Rd6 42. f3 Rd2 43. Rf1 Re2 44. Rf2 Re6 45. Rd2 Re5 1/2-1/2

[Event "25th European Teams"]
[Site "Batumi GEO"]
[Date "2025.10.14"]
[Round "9.8"]
[Board "2"]
[White "Fressinet, Laurent"]
[Black "Kacharava, Nikolozi"]
[Result "1/2-1/2"]
[WhiteTitle "GM"]
[BlackTitle "GM"]
[WhiteElo "2602"]
[BlackElo "2486"]
[WhiteTeam "France"]
[BlackTeam "Georgia 1"]
[WhiteFideId "608742"]
[BlackFideId "13611860"]
[EventDate "2025.10.05"]

1. d4 d5 2. Nf3 Nf6 3. c4 e6 4. Nc3 c6 5. e3 Nbd7 6. Qc2 Bd6 7. Be2 O-O 8. O-O
dxc4 9. a4 e5 10. Bxc4 exd4 11. exd4 Nb6 12. Bb3 Nbd5 13. Bg5 Be7 14. Nxd5 Nxd5
15. Bxe7 Nxe7 16. Rfe1 Nd5 17. Re5 f6 18. Bxd5+ cxd5 19. Re3 Bg4 20. Nd2 Qb6 21.
h3 Bh5 22. Nb3 Rfe8 23. a5 Qb5 24. Qc5 Be2 25. Qxb5 Bxb5 26. Rae1 b6 27. Rxe8+
Rxe8 28. Rxe8+ Bxe8 29. axb6 axb6 30. h4 Kf7 31. f3 Ke6 32. Nc1 h6 33. Kf2 g5
34. g3 Bb5 35. Na2 Bc4 36. Nc3 Bb3 37. Ke3 Kf5 38. Ne2 Ke6 39. Ng1 Bc2 40. Nh3
Bg6 41. Nf2 Bh5 42. Nd1 f5 43. hxg5 hxg5 44. Nf2 Be8 45. Nd3 Bb5 46. Ne1 Bd7 47.
Ng2 Kd6 48. Kd2 Bb5 49. Kc3 Bd7 50. Kb4 Ke6 51. Kc3 Kd6 52. Ne1 Bb5 53. Kb4 Bd7
54. Nd3 Be8 55. Nf2 Ke6 56. Kc3 Bb5 57. Kd2 Ke7 58. Ke3 Ke6 59. Nd1 Kd6 60. Kf2
Bd7 61. Nc3 Bc8 62. Kg2 Kc6 63. Kh3 Ba6 64. f4 Bf1+ 65. Kh2 g4 66. Kg1 Ba6 67.
Kf2 Bc8 68. b4 b5 69. Ke3 1/2-1/2

[Event "25th European Teams"]
[Site "Batumi GEO"]
[Date "2025.10.14"]
[Round "9.8"]
[Board "3"]
[White "Pantsulaia, Levan"]
[Black "Laurent-Paoli, Pierre"]
[Result "1-0"]
[WhiteTitle "GM"]
[BlackTitle "GM"]
[WhiteElo "2457"]
[BlackElo "2570"]
[WhiteTeam "Georgia 1"]
[BlackTeam "France"]
[WhiteFideId "13602071"]
[BlackFideId "26017962"]
[EventDate "2025.10.05"]

1. Nf3 d5 2. g3 Nf6 3. Bg2 e6 4. O-O Be7 5. c4 O-O 6. b3 c5 7. cxd5 Nxd5 8. Bb2
Nc6 9. d4 cxd4 10. Nxd4 Nxd4 11. Qxd4 Bf6 12. Qd2 Nf4 13. gxf4 Qxd2 14. Nxd2
Bxb2 15. Rad1 Bf6 16. Nc4 Rb8 17. b4 b5 18. Na5 Rb6 19. a3 a6 20. Nc6 h6 21. Rd6
Kh8 22. Rfd1 g5 23. fxg5 hxg5 24. e4 Bb2 25. e5 Bxa3 26. Rd8 Rxd8 27. Rxd8+ Kg7
28. Rxc8 Rb7 29. Ra8 Rd7 30. Rxa6 Rd1+ 31. Bf1 Bb2 32. Ra2 Bc3 33. Rc2 Ba1 34.
Kg2 Rd5 35. Rc5 Rd2 36. Rxb5 Kg6 37. Ra5 Bc3 38. Ra3 1-0

[Event "25th European Teams"]
[Site "Batumi GEO"]
[Date "2025.10.14"]
[Round "9.8"]
[Board "4"]
[White "Boyer, Mahel"]
[Black "Jobava, Baadur"]
[Result "0-1"]
[WhiteTitle "GM"]
[BlackTitle "GM"]
[WhiteElo "2532"]
[BlackElo "2573"]
[WhiteTeam "France"]
[BlackTeam "Georgia 1"]
[WhiteFideId "45102422"]
[BlackFideId "13601520"]
[EventDate "2025.10.05"]

1. d4 d5 2. c4 dxc4 3. e3 e5 4. Bxc4 exd4 5. exd4 Bd6 6. Nf3 Nf6 7. O-O O-O 8.
Nc3 Nc6 9. h3 h6 10. Qc2 Nb4 11. Qb1 c6 12. Bxh6 gxh6 13. Qg6+ Kh8 14. Qxh6+ Nh7
15. Ne4 Be7 16. Ne5 Bf5 17. Rae1 Nd5 18. Ng3 Bg5 19. Qh5 Be6 20. h4 Bd2 21. Rd1
Nf4 22. Qf3 Qxd4 23. Rfe1 Nf6 24. Bxe6 fxe6 25. Nf1 Nd7 26. Nxd7 Nh3+ 27. Qxh3
Qxf2+ 28. Kh2 Bxe1 29. Nxf8 Rxf8 30. Ng3 Rg8 31. Rd3 Qf4 32. h5 Rg4 33. Rd8+ Kh7
34. Rd7+ Kh6 0-1

[Event "25th European Teams"]
[Site "Batumi GEO"]
[Date "2025.10.14"]
[Round "9.9"]
[Board "1"]
[White "Fedoseev, Vladimir3"]
[Black "Kazakouski, Valery"]
[Result "1-0"]
[WhiteTitle "GM"]
[BlackTitle "GM"]
[WhiteElo "2720"]
[BlackElo "2581"]
[WhiteTeam "Slovenia"]
[BlackTeam "Lithuania"]
[WhiteFideId "24130737"]
[BlackFideId "13507443"]
[EventDate "2025.10.05"]

1. d4 d5 2. c4 c6 3. Nc3 Nf6 4. e3 e6 5. Qc2 Nbd7 6. Nf3 Bd6 7. Bd3 dxc4 8. Bxc4
b5 9. Bd3 Bb7 10. O-O O-O 11. Rd1 Qb8 12. h3 h6 13. e4 e5 14. Be3 Rc8 15. Qe2 a6
16. Rac1 c5 17. d5 c4 18. Bb1 Bc5 19. Nh4 Bxe3 20. Qxe3 Qa7 21. Qg3 Kh7 22. Nf5
g6 23. Nd6 Rf8 24. b3 cxb3 25. axb3 Qb6 26. Nxb7 Qxb7 27. Na2 b4 28. Rc6 a5 29.
Rdc1 Kg7 30. R1c4 Qa7 31. Nc1 Rab8 32. Nd3 Rfe8 33. Nb2 Rb7 34. Rc1 Nb8 35. R6c4
Nbd7 36. Bd3 Qb8 37. Rc6 Rb6 38. Qe3 Rxc6 39. dxc6 Nb6 40. Qc5 Rc8 41. Qxa5 Qc7
42. Qxb4 Rd8 43. Qa5 Rd4 44. b4 Ne8 45. Qc5 f6 46. Rd1 Nd6 47. Bc2 1-0

[Event "25th European Teams"]
[Site "Batumi GEO"]
[Date "2025.10.14"]
[Round "9.9"]
[Board "2"]
[White "Stremavicius, Titas"]
[Black "Demchenko, Anton"]
[Result "1-0"]
[WhiteTitle "GM"]
[BlackTitle "GM"]
[WhiteElo "2531"]
[BlackElo "2628"]
[WhiteTeam "Lithuania"]
[BlackTeam "Slovenia"]
[WhiteFideId "12804444"]
[BlackFideId "4160258"]
[EventDate "2025.10.05"]

1. d4 Nf6 2. Nf3 g6 3. Nbd2 Bg7 4. e4 d6 5. Bb5+ c6 6. Bc4 O-O 7. O-O b5 8. Bd3
Nfd7 9. c3 a5 10. Re1 a4 11. Nf1 e5 12. Be3 Na6 13. Qd2 Nc7 14. dxe5 Nxe5 15.
Be2 Ne6 16. a3 Nc5 17. Nxe5 Bxe5 18. f4 Bg7 19. Bxc5 dxc5 20. Qxd8 Rxd8 21. e5
g5 22. fxg5 Be6 23. Bf3 Rac8 24. Kf2 Bb3 25. Re2 Bc4 26. Re3 h6 27. gxh6 Bxh6
28. Re4 Kf8 29. h4 Ke7 30. g4 Bd3 31. Ree1 Bf4 32. Be2 Ke6 33. Bxd3 Rxd3 34. Re4
Bxe5 35. Rae1 f6 36. g5 Kf5 37. gxf6 Bxf6 38. Ng3+ Kg6 39. Rg4+ Kh7 40. Re6 Rf8
41. Ke2 Rd5 42. Rxc6 Re8+ 43. Ne4 Bd8 44. Kf3 c4 45. Rc5 Rxc5 46. Nxc5 Re1 47.
Rd4 Bb6 48. Rd7+ Kg8 49. Rd5 Rf1+ 50. Kg4 Rf2 51. Nd7 Be3 52. Rxb5 Bc1 53. Rb4
Bxb2 54. Rxa4 Bxc3 55. Rxc4 Be1 56. a4 Kf7 57. Ne5+ Kg8 58. Nd3 Rg2+ 59. Kf5 Bg3
60. Rg4+ Kh7 61. a5 Rg1 62. Nf4 Ra1 63. Rxg3 Rxa5+ 64. Kg4 Ra1 65. Rc3 Rg1+ 66.
Kh5 Rg7 67. Ne6 Rg1 68. Ng5+ Kg7 69. Rc8 1-0

[Event "25th European Teams"]
[Site "Batumi GEO"]
[Date "2025.10.14"]
[Round "9.9"]
[Board "3"]
[White "Subelj, Jan"]
[Black "Pultinevicius, Paulius"]
[Result "1/2-1/2"]
[WhiteTitle "GM"]
[BlackTitle "GM"]
[WhiteElo "2545"]
[BlackElo "2532"]
[WhiteTeam "Slovenia"]
[BlackTeam "Lithuania"]
[WhiteFideId "14618583"]
[BlackFideId "12809390"]
[EventDate "2025.10.05"]

1. Nf3 d5 2. g3 Bg4 3. Bg2 e6 4. O-O Nf6 5. c4 c6 6. d3 dxc4 7. dxc4 Qxd1 8.
Rxd1 h6 9. Nc3 Nbd7 10. b3 Be7 11. Bb2 O-O 12. h3 Bxf3 13. Bxf3 Rfd8 14. Kf1 Nc5
15. Ke1 a5 16. Rxd8+ Rxd8 17. Rd1 Ra8 18. Kd2 Kf8 19. Kc2 Rc8 20. Bg2 Ke8 21. e4
Nfd7 22. f4 e5 23. Ne2 Bd8 24. a3 b5 25. cxb5 cxb5 26. Kb1 Nxb3 27. fxe5 Nb6 28.
Nc3 Rc5 29. Ka2 a4 30. Bf1 Nc4 31. Rd5 Rxd5 32. exd5 Nbd2 33. Be2 Nxb2 34. Bxb5+
Ke7 35. Kxb2 Nf3 36. Nxa4 Nxe5 37. Nc5 Bb6 38. Nb7 f5 39. a4 Bf2 40. a5 Nf7 41.
a6 Nd6 42. Nxd6 Kxd6 43. Bc4 h5 44. Kc3 Kc7 45. Be2 g6 46. Bf3 Bxg3 47. d6+ Kb6
48. d7 Bc7 49. Be2 h4 50. Kd4 g5 51. Kd5 g4 52. hxg4 fxg4 53. Bxg4 1/2-1/2

[Event "25th European Teams"]
[Site "Batumi GEO"]
[Date "2025.10.14"]
[Round "9.9"]
[Board "4"]
[White "Morkunas, Gustas"]
[Black "Sebenik, Matej"]
[Result "1-0"]
[WhiteTitle "FM"]
[BlackTitle "GM"]
[WhiteElo "2324"]
[BlackElo "2505"]
[WhiteTeam "Lithuania"]
[BlackTeam "Slovenia"]
[WhiteFideId "12831026"]
[BlackFideId "14602296"]
[EventDate "2025.10.05"]

1. d4 Nf6 2. c4 e6 3. g3 d5 4. Nf3 Be7 5. Bg2 O-O 6. O-O c6 7. Qc2 b6 8. Nbd2
Bb7 9. e4 Na6 10. a3 c5 11. e5 Nd7 12. dxc5 bxc5 13. Re1 Nc7 14. Nb3 dxc4 15.
Na5 Bd5 16. Nxc4 Nb5 17. Be3 Qc7 18. Rac1 Rac8 19. Qe2 Qb7 20. Red1 Rfd8 21. a4
Nc7 22. Bg5 f6 23. exf6 Nxf6 24. Nh4 Bxg2 25. Nxg2 Qa6 26. Nf4 Rxd1+ 27. Rxd1
Rd8 28. Re1 h6 29. Bxf6 Bxf6 30. b3 Qb7 31. Nxe6 Nxe6 32. Qxe6+ Qf7 33. Kg2 Rb8
34. Qc6 Bd4 35. Re2 Qb7 36. Re8+ Kh7 37. Qxb7 Rxb7 38. Na5 Rf7 39. Re2 Bc3 40.
Nc6 Rc7 41. Rc2 Rxc6 42. Rxc3 Kg6 43. f4 a5 44. Kf3 Kf5 45. Re3 g5 46. Re5+ Kf6
47. Kg4 gxf4 48. gxf4 Rc8 49. h4 Rc7 50. Rh5 Kg6 51. Rd5 Rc6 52. Rf5 Rc8 53. Re5
Kf6 54. Rf5+ Kg6 55. h5+ Kg7 56. Rd5 Kf6 57. Rd6+ Ke7 58. Ra6 c4 59. bxc4 Rxc4
60. Rxa5 Kf6 61. Ra6+ Kf7 62. a5 Rc5 63. Ra7+ Kf6 64. a6 Ra5 65. Rh7 1-0

[Event "25th European Teams"]
[Site "Batumi GEO"]
[Date "2025.10.14"]
[Round "9.10"]
[Board "1"]
[White "Pechac, Jergus"]
[Black "Wojtaszek, Radoslaw"]
[Result "1/2-1/2"]
[WhiteTitle "GM"]
[BlackTitle "GM"]
[WhiteElo "2539"]
[BlackElo "2654"]
[WhiteTeam "Slovakia"]
[BlackTeam "Poland"]
[WhiteFideId "14926970"]
[BlackFideId "1118358"]
[EventDate "2025.10.05"]

1. d4 Nf6 2. c4 e6 3. Nc3 Bb4 4. Nf3 d5 5. a3 Bxc3+ 6. bxc3 c5 7. cxd5 exd5 8.
g3 O-O 9. Bg2 Re8 10. O-O Nbd7 11. Re1 Ne4 12. Qc2 Ndf6 13. Nh4 cxd4 14. cxd4
Bd7 15. Qb3 Qa5 16. Nf3 Rac8 17. Bf4 Bb5 18. Ne5 Rc3 19. Qa2 Ba4 20. Qb1 Rb3 21.
Qc1 Rc3 22. Qb1 Rb3 23. Qc1 Rc3 24. Qb1 1/2-1/2

[Event "25th European Teams"]
[Site "Batumi GEO"]
[Date "2025.10.14"]
[Round "9.10"]
[Board "2"]
[White "Gumularz, Szymon"]
[Black "Gazik, Viktor"]
[Result "1-0"]
[WhiteTitle "GM"]
[BlackTitle "GM"]
[WhiteElo "2592"]
[BlackElo "2556"]
[WhiteTeam "Poland"]
[BlackTeam "Slovakia"]
[WhiteFideId "1188062"]
[BlackFideId "14928752"]
[EventDate "2025.10.05"]

1. e4 c5 2. Nf3 d6 3. d4 cxd4 4. Nxd4 Nf6 5. Nc3 a6 6. h3 g6 7. g4 Nc6 8. Nxc6
bxc6 9. e5 Nd7 10. exd6 exd6 11. Bg2 d5 12. O-O Be7 13. Bh6 Nc5 14. Re1 Ne6 15.
Na4 Bb7 16. c4 g5 17. cxd5 cxd5 18. Nc3 Qd6 19. Nxd5 O-O-O 20. Qb3 Kb8 21. Nxe7
Qxe7 22. Bxg5 1-0

[Event "25th European Teams"]
[Site "Batumi GEO"]
[Date "2025.10.14"]
[Round "9.10"]
[Board "3"]
[White "Sahidi, Samir"]
[Black "Teclaf, Pawel"]
[Result "1/2-1/2"]
[WhiteTitle "IM"]
[BlackTitle "GM"]
[WhiteElo "2490"]
[BlackElo "2563"]
[WhiteTeam "Slovakia"]
[BlackTeam "Poland"]
[WhiteFideId "14936372"]
[BlackFideId "1185934"]
[EventDate "2025.10.05"]

1. e4 c6 2. d4 d5 3. exd5 cxd5 4. Bd3 Nf6 5. h3 Nc6 6. c3 e5 7. dxe5 Nxe5 8. Nf3
Nxd3+ 9. Qxd3 Bd6 10. O-O O-O 11. Be3 Re8 12. Nbd2 Ne4 13. Rfe1 Bf5 14. Nd4 Bg6
15. Nxe4 dxe4 16. Qb5 Qc7 17. Rad1 a6 18. Qb3 Be5 19. Nc2 Bf5 20. Bd4 Bh2+ 21.
Kh1 Be6 22. Qb6 Bd6 23. Rxe4 Bxa2 24. Rxe8+ Rxe8 25. Be3 Qxb6 26. Bxb6 Bb3 27.
Rxd6 Bxc2 28. Rd7 Be4 29. b4 Bc6 30. Rc7 f6 31. Kh2 h5 32. Bd4 Rf8 33. Re7 Re8
34. Rc7 Rf8 35. Re7 Re8 36. Rc7 Rf8 37. Re7 Re8 38. Rc7 1/2-1/2

[Event "25th European Teams"]
[Site "Batumi GEO"]
[Date "2025.10.14"]
[Round "9.10"]
[Board "4"]
[White "Malek, Jan"]
[Black "Druska, Juraj"]
[Result "1-0"]
[WhiteTitle "GM"]
[BlackTitle "IM"]
[WhiteElo "2508"]
[BlackElo "2451"]
[WhiteTeam "Poland"]
[BlackTeam "Slovakia"]
[WhiteFideId "21864080"]
[BlackFideId "14915650"]
[EventDate "2025.10.05"]

1. c4 e6 2. Nc3 d5 3. d4 Nf6 4. cxd5 exd5 5. Bg5 Be7 6. e3 O-O 7. Bd3 Re8 8. Nf3
h6 9. Bf4 c5 10. dxc5 Bxc5 11. O-O Nc6 12. h3 a6 13. Rc1 Ba7 14. Ne2 Qb6 15. Rb1
Ne4 16. Bc2 Bf5 17. Qxd5 Ng3 18. Bxf5 Nxe2+ 19. Kh1 Nxf4 20. exf4 Ne7 21. Qd3
Rad8 22. Qc2 Nxf5 23. Qxf5 Qe6 24. Qxe6 Rxe6 25. g3 Re2 26. Kg2 Rc8 27. Ng1 Rd2
28. Nf3 Re2 29. Ng1 Rec2 30. Nf3 b5 31. h4 Re2 32. Ng1 Rd2 33. Nf3 Re2 34. Ng1
Rec2 35. Nf3 h5 36. a3 Re2 37. Ng1 Rd2 38. Nf3 Re2 39. Ng1 Rd2 40. Nf3 Rdc2 41.
b4 Rd8 42. Rbc1 Rdc8 43. Rcd1 f6 44. Rd6 R8c6 45. Rd8+ Kh7 46. Nd4 Bxd4 47. Rxd4
R6c3 48. Ra1 Rb3 49. f5 Rcc3 50. Rd7 Rxa3 51. Re1 Rd3 52. Ra7 Rd8 53. Ree7 Rg8
54. Re6 Kh6 55. Raxa6 Rb3 56. Re4 Rd8 57. Ra7 Rb2 58. Rb7 Rd5 59. Rf4 Re5 60.
Rd7 Rc2 61. Kh3 Rb2 62. Rc7 Rd2 63. Rc3 Rdd5 64. Rcf3 Kh7 65. g4 hxg4+ 66. Kxg4
Kh6 67. Rc3 Re1 68. Rg3 Rh1 69. Kf3 Rhd1 70. Rgg4 Kh7 71. Kg2 R1d2 72. h5 Re5
73. Rg6 Rdd5 74. Rfg4 Re7 75. h6 Rxf5 76. hxg7 Kg8 77. Kg3 Re1 78. f3 Re3 79.
Rd4 Rg5+ 80. Rxg5 fxg5 81. Rd5 Rb3 82. Rxb5 Rb2 83. Kg4 Rb3 84. Rb7 Kh7 85. b5
Kg8 86. b6 Kh7 87. Kxg5 Rxf3 88. Rc7 1-0

[Event "25th European Teams"]
[Site "Batumi GEO"]
[Date "2025.10.14"]
[Round "9.11"]
[Board "1"]
[White "Nguyen, Thai Dai Van"]
[Black "Kadric, Denis"]
[Result "1/2-1/2"]
[WhiteTitle "GM"]
[BlackTitle "GM"]
[WhiteElo "2664"]
[BlackElo "2533"]
[WhiteTeam "Czech Republic"]
[BlackTeam "Montenegro"]
[WhiteFideId "358878"]
[BlackFideId "14403803"]
[EventDate "2025.10.05"]

1. e4 d6 2. d4 Nf6 3. Bd3 e5 4. c3 d5 5. dxe5 Nxe4 6. Nf3 Nc5 7. Bc2 Bg4 8. O-O
Nc6 9. h3 Bh5 10. Qe2 a6 11. Rd1 Be7 12. b4 Ne6 13. g4 Bg6 14. Bb3 Be4 15. Nfd2
Nf4 16. Qe3 Bxb1 17. Qxf4 Bg6 18. Nf1 d4 19. cxd4 O-O 20. a3 a5 21. b5 a4 22.
bxc6 axb3 23. cxb7 Ra7 24. d5 Rxb7 25. Bb2 Bc2 26. Rd4 Rb5 27. Qf3 f5 28. a4 Be4
29. Qd1 Rxd5 30. Qxb3 Bc5 31. Rxd5 Bxd5 32. Qc3 Ba7 33. e6 Qg5 34. Qe5 c6 35.
Re1 Bb8 36. Qd4 fxg4 37. Qxg4 Qxg4+ 38. hxg4 Re8 39. e7 Bd6 40. Ne3 Rxe7 41. Rd1
Rb7 42. Bc3 Rb3 43. Be1 Kf7 44. Nxd5 cxd5 45. a5 Ke6 46. Kg2 Ke5 1/2-1/2

[Event "25th European Teams"]
[Site "Batumi GEO"]
[Date "2025.10.14"]
[Round "9.11"]
[Board "2"]
[White "Petrov, Nikita"]
[Black "Navara, David"]
[Result "1/2-1/2"]
[WhiteTitle "GM"]
[BlackTitle "GM"]
[WhiteElo "2576"]
[BlackElo "2656"]
[WhiteTeam "Montenegro"]
[BlackTeam "Czech Republic"]
[WhiteFideId "4101286"]
[BlackFideId "309095"]
[EventDate "2025.10.05"]

1. d4 Nf6 2. c4 e6 3. Nf3 d5 4. Nc3 Bb4 5. Bg5 h6 6. Bxf6 Qxf6 7. e3 O-O 8. Rc1
dxc4 9. Bxc4 c5 10. O-O cxd4 11. Ne4 Qe7 12. a3 Ba5 13. Qxd4 Rd8 14. Qc5 Qxc5
15. Nxc5 Nd7 16. Nb3 Bb6 17. Be2 Nf6 18. Ne5 Bd7 19. Nxd7 Rxd7 20. Rfd1 Rxd1+
21. Bxd1 Ne4 22. Kf1 Rd8 23. Bf3 Nd6 24. Nd2 Kf8 25. Ne4 Rc8 26. Rxc8+ Nxc8 27.
Ke2 Ke7 28. Nd2 Nd6 29. Kd3 Kd7 30. Nc4 Nxc4 31. Kxc4 Bc7 32. h3 1/2-1/2

[Event "25th European Teams"]
[Site "Batumi GEO"]
[Date "2025.10.14"]
[Round "9.11"]
[Board "3"]
[White "Finek, Vaclav"]
[Black "Draskovic, Luka"]
[Result "1-0"]
[WhiteTitle "IM"]
[BlackTitle "GM"]
[WhiteElo "2518"]
[BlackElo "2486"]
[WhiteTeam "Czech Republic"]
[BlackTeam "Montenegro"]
[WhiteFideId "23718293"]
[BlackFideId "944335"]
[EventDate "2025.10.05"]

1. d4 d5 2. c4 e6 3. Nf3 Nd7 4. g3 dxc4 5. Bg2 Rb8 6. a4 a6 7. a5 Bd6 8. Nbd2 b5
9. axb6 Nxb6 10. O-O Ne7 11. Nxc4 Nxc4 12. Qa4+ Bd7 13. Qxc4 Bb5 14. Qc2 h6 15.
Rd1 O-O 16. e4 Nc6 17. Be3 Nb4 18. Qc3 f5 19. Qb3 Qc8 20. exf5 Rxf5 21. Nh4 Rf6
22. Rd2 Bc6 23. Bxc6 Nxc6 24. Qc4 Nb4 25. Ng2 Qb7 26. Bf4 Qb5 27. Qxb5 Rxb5 28.
Re2 a5 29. Be5 Bxe5 30. Rxe5 Nd5 31. Re2 Rf3 32. Rd1 Rfb3 33. Rdd2 Kf7 34. Ne1
Nb4 35. Kg2 Rd5 36. Nf3 Nc6 37. Rc2 Rb6 38. Rc3 Kf6 39. Re4 Rdb5 40. Rce3 Nd8
41. Ne5 Ke7 42. Rf3 Rb3 43. Ng6+ Kd7 44. Rf8 Rd6 45. Rg8 Kc8 46. Ne5 Rb4 47.
Rxg7 Rbxd4 48. Re3 Nc6 49. Nf7 R6d5 50. Rxe6 Kb7 51. Rxh6 Rd2 52. h4 Rxb2 53.
Nd6+ 1-0

[Event "25th European Teams"]
[Site "Batumi GEO"]
[Date "2025.10.14"]
[Round "9.11"]
[Board "4"]
[White "Vukcevic, Nemanja"]
[Black "Stalmach, Richard"]
[Result "1-0"]
[WhiteTitle "FM"]
[BlackTitle "IM"]
[WhiteElo "2349"]
[BlackElo "2410"]
[WhiteTeam "Montenegro"]
[BlackTeam "Czech Republic"]
[WhiteFideId "941808"]
[BlackFideId "372048"]
[EventDate "2025.10.05"]

1. e4 c5 2. Nf3 d6 3. d4 cxd4 4. Nxd4 Nf6 5. Nc3 a6 6. Rg1 h5 7. Be3 b5 8. a4 b4
9. Nd5 Nxd5 10. exd5 Bb7 11. Be2 Bxd5 12. Nf3 e6 13. Ng5 Be7 14. h4 Nd7 15. Bxh5
Ne5 16. f4 g6 17. Be2 Rxh4 18. Nxe6 fxe6 19. fxe5 Re4 20. Qd3 Bg5 21. Rh1 Bh4+
22. Kd2 dxe5 23. g3 Bc4 24. Qxd8+ Rxd8+ 25. Bd3 Bf6 26. Raf1 Bg7 27. Rh7 Bxd3
28. cxd3 Rxe3 29. Kxe3 Rd7 30. Rh4 a5 31. b3 g5 32. Rc4 Kd8 33. Rfc1 Rd5 34. Rc6
Ke7 35. Rc7+ Kf6 36. Rf1+ Kg6 37. Rff7 Bh6 38. Rfd7 g4+ 39. Ke4 Rxd7 40. Rxd7 1-0

[Event "25th European Teams"]
[Site "Batumi GEO"]
[Date "2025.10.14"]
[Round "9.12"]
[Board "1"]
[White "Dardha, Daniel"]
[Black "Saric, Ivan"]
[Result "0-1"]
[WhiteTitle "GM"]
[BlackTitle "GM"]
[WhiteElo "2605"]
[BlackElo "2661"]
[WhiteTeam "Belgium"]
[BlackTeam "Croatia"]
[WhiteFideId "240990"]
[BlackFideId "14508150"]
[EventDate "2025.10.05"]

1. e4 c5 2. Nf3 d6 3. d4 cxd4 4. Nxd4 Nf6 5. Nc3 a6 6. g3 e5 7. Nb3 Be7 8. Bg5
Be6 9. Bxf6 Bxf6 10. Qd3 Be7 11. O-O-O Nd7 12. f4 Nf6 13. f5 Bd7 14. Be2 h5 15.
h3 Rc8 16. Kb1 h4 17. g4 Rxc3 18. Qxc3 Nxe4 19. Qe3 Ng3 20. Rhe1 O-O 21. Bf3 Qc7
22. Nd2 Rc8 23. Ne4 Qxc2+ 24. Ka1 Bc6 25. Rc1 Qa4 26. Nc3 Qa5 27. Nd5 Qd8 28.
Nxe7+ Qxe7 29. Qd3 d5 30. Bxd5 Rd8 31. f6 Qxf6 32. Rc5 Qd6 33. Qc2 Bxd5 34. Rd1
e4 35. Rcxd5 Qxd5 36. Rxd5 Rxd5 37. Qc8+ Kh7 38. Qc2 f5 39. gxf5 Rxf5 40. a3 e3
41. Qc3 e2 42. Ka2 Rf4 0-1

[Event "25th European Teams"]
[Site "Batumi GEO"]
[Date "2025.10.14"]
[Round "9.12"]
[Board "2"]
[White "Brkic, Ante"]
[Black "Maerevoet, Sim"]
[Result "1/2-1/2"]
[WhiteTitle "GM"]
[BlackTitle "IM"]
[WhiteElo "2578"]
[BlackElo "2426"]
[WhiteTeam "Croatia"]
[BlackTeam "Belgium"]
[WhiteFideId "14506688"]
[BlackFideId "241725"]
[EventDate "2025.10.05"]

1. e4 c5 2. Nf3 Nc6 3. Bb5 e6 4. O-O Nge7 5. d4 cxd4 6. Nxd4 Qb6 7. Nxc6 bxc6 8.
Bd3 Ng6 9. c4 Be7 10. Nc3 O-O 11. Rb1 Rd8 12. Be3 Qc7 13. Rc1 c5 14. f4 d6 15.
Qe2 Bb7 16. g3 Bf6 17. h4 Ne7 18. Nb5 Qc6 19. g4 g6 20. g5 Bg7 21. Bf2 a6 22.
Nc3 Nf5 23. h5 Nd4 24. Qg4 Qd7 25. Kh2 Bc6 26. Bg3 Rab8 27. b3 Re8 28. Rf2 a5
29. Ne2 a4 30. bxa4 Rb4 31. h6 Bh8 32. Nxd4 Bxd4 33. Re2 Rxa4 34. Bf2 Ra3 35.
Bxd4 cxd4 36. Rd2 Qa7 37. Qe2 e5 38. Qf2 Qe7 39. Rg1 Rea8 40. f5 Rc3 41. Qf3 Be8
42. f6 Qc7 43. Rb1 Raa3 44. Qd1 Kf8 45. Rb3 Rcxb3 46. axb3 Qa5 47. Rb2 Qc3 48.
Qb1 Bc6 49. Kg2 Ke8 50. Kf2 Kd8 51. Ke2 Kc7 52. Qc2 Kb6 53. b4 Qxc2+ 54. Rxc2
Bxe4 55. Bxe4 Re3+ 56. Kd2 Rxe4 57. c5+ dxc5 58. Rxc5 Re3 59. Rd5 Kc6 60. Rd8
Rg3 61. Rf8 Rg2+ 62. Kd1 e4 63. Rxf7 e3 64. Re7 Rxg5 65. Ke2 Rg2+ 66. Kd3 Kd5
67. Rd7+ Ke5 68. f7 Rd2+ 69. Kc4 Rc2+ 70. Kd3 Rd2+ 71. Kc4 Rc2+ 72. Kd3 Rd2+ 1/2-1/2